| 000 | 00758nam a22002057a 4500 | ||
|---|---|---|---|
| 005 | 20210705122011.0 | ||
| 008 | 210705b fr ||||| |||| 00| 0 fre d | ||
| 020 | _a2908830531 | ||
| 050 | 0 | 4 |
_aPN4748.F7 _bR37 2000 |
| 110 | 2 | _aReporters sans frontières | |
| 245 | 0 | 0 |
_aRapport 2000 _b: la liberté de la presse dans le monde _cReporters sans frontières |
| 250 | _a1a ed. | ||
| 260 |
_aMontpellier : _bReporters sans frontières, _c2000 |
||
| 300 |
_a405 p. ; _c21 cm. |
||
| 490 | 0 |
_aAvec le soutien de ; _v23 |
|
| 650 | 7 |
_2lemb _aPeriodistas - Colecciones de artículo _zFrancia |
|
| 650 | 7 |
_2lemb _aLibertad de prensa - Colecciones de artículo |
|
| 650 | 7 |
_2lemb _amedios de comunicación masiva _xCensura - Colección de artículo |
|
| 942 |
_2lcc _cLIB |
||
| 999 |
_c156768 _d156766 |
||